[Event "ROM-ch U20 Girls"]
[Site "Calimanesti Caciulata"]
[Date "2019.04.20"]
[Round "8"]
[White "Nastase, Andreea Cristina"]
[Black "Popa, Andrada"]
[Result "1-0"]
[WhiteElo "1935"]
[BlackElo "1568"]
[PlyCount "71"]
[EventDate "2019.04.15"]
[EventType "tourn"]
[EventRounds "10"]
[EventCountry "ROU"]
[SourceTitle "CBM 190 Extra"]
[Source "ChessBase"]
[SourceDate "2019.07.15"]
[SourceVersion "1"]
[SourceVersionDate "2019.07.15"]
[SourceQuality "1"]

1. d4 d5 2. c4 e6 3. Nc3 Nf6 4. cxd5 exd5 5. Bf4 c6 6. e3 Be7 7. Bd3 0-0 8. Qc2 h6 9. Nf3 Be6 10. 0-0 Nbd7 11. a3 b6 12. Ba6 Nh5 13. Bb7 Nxf4 14. exf4 Rb8 15. Bxc6 Qc7 16. Bxd7 Bxd7 17. Rac1 Qd6 18. Ne5 Bf6 19. Qb3 a6 20. Qxd5 Qxd5 21. Nxd5 Bxe5 22. fxe5 Be6 23. Ne7+ Kh7 24. d5 Rfe8 25. Nc6 Bxd5 26. Nxb8 Rxb8 27. Rfd1 Be6 28. f3 Kg6 29. g4 h5 30. h3 hxg4 31. hxg4 Kg5 32. Kg2 Kf4 33. Re1 Bd5 34. Rc3 Re8 35. Rd3 Rxe5 36. Rd4+ 1-0

[Event "ROM-ch U20 Girls"]
[Site "Calimanesti Caciulata"]
[Date "2019.04.19"]
[Round "6"]
[White "Bogdan, Andrada Ioana"]
[Black "Popa, Andrada"]
[Result "1/2-1/2"]
[WhiteElo "1328"]
[BlackElo "1568"]
[PlyCount "48"]
[EventDate "2019.04.15"]
[EventType "tourn"]
[EventRounds "10"]
[EventCountry "ROU"]
[SourceTitle "CBM 190 Extra"]
[Source "ChessBase"]
[SourceDate "2019.07.15"]
[SourceVersion "1"]
[SourceVersionDate "2019.07.15"]
[SourceQuality "1"]

1. d4 d5 2. Nf3 Nf6 3. e3 e6 4. Bd3 c5 5. c3 Bd6 6. Nbd2 Nc6 7. 0-0 c4 8. Bc2 b5 9. e4 dxe4 10. Nxe4 Nxe4 11. Bxe4 Bb7 12. Re1 0-0 13. Be3 a5 14. a3 Qc7 15. Qe2 h6 16. Rad1 Ne7 17. Bxb7 Qxb7 18. Ne5 Bxe5 19. dxe5 Nd5 20. Rd2 Nxe3 21. Qxe3 Rfd8 22. Red1 Qc7 23. Rxd8+ Rxd8 24. Rxd8+ Qxd8 1/2-1/2

[Event "ROM-ch U20 Girls"]
[Site "Calimanesti Caciulata"]
[Date "2019.04.17"]
[Round "3"]
[White "Popa, Andrada"]
[Black "Nastase, Andreea Cristina"]
[Result "0-1"]
[WhiteElo "1568"]
[BlackElo "1935"]
[PlyCount "66"]
[EventDate "2019.04.15"]
[EventType "tourn"]
[EventRounds "10"]
[EventCountry "ROU"]
[SourceTitle "CBM 190 Extra"]
[Source "ChessBase"]
[SourceDate "2019.07.15"]
[SourceVersion "1"]
[SourceVersionDate "2019.07.15"]
[SourceQuality "1"]

1. d4 d5 2. Bf4 Nf6 3. Nf3 e6 4. e3 Bd6 5. Bd3 Bxf4 6. exf4 Qd6 7. Ne5 Qb4+ 8. c3 Qxb2 9. Qd2 Qxd2+ 10. Nxd2 Nbd7 11. Ndf3 Nxe5 12. fxe5 Nd7 13. Rb1 c5 14. Bb5 c4 15. Ng5 h6 16. Nf3 Ke7 17. a4 a6 18. Bxd7 Bxd7 19. a5 Rhb8 20. Rb6 Bb5 21. Kd2 Ra7 22. Ne1 Rc8 23. Nc2 Rc6 24. Na3 Rxb6 25. axb6 Ra8 26. Nxb5 axb5 27. Rb1 Ra5 28. g3 Kd7 29. h4 Ra2+ 30. Ke3 Rc2 31. Rxb5 Rxc3+ 32. Kd2 Rd3+ 33. Kc2 Kc6 0-1

[Event "ROM-ch U20 Girls"]
[Site "Calimanesti Caciulata"]
[Date "2019.04.15"]
[Round "1"]
[White "Popa, Andrada"]
[Black "Bogdan, Andrada Ioana"]
[Result "1/2-1/2"]
[WhiteElo "1568"]
[BlackElo "1328"]
[PlyCount "57"]
[EventDate "2019.04.15"]
[EventType "tourn"]
[EventRounds "10"]
[EventCountry "ROU"]
[SourceTitle "CBM 190 Extra"]
[Source "ChessBase"]
[SourceDate "2019.07.15"]
[SourceVersion "1"]
[SourceVersionDate "2019.07.15"]
[SourceQuality "1"]

1. d4 d5 2. Bf4 Nc6 3. Nf3 e6 4. e3 Bd6 5. Bd3 Nf6 6. Nbd2 Bxf4 7. exf4 Qd6 8. Ne5 Nxd4 9. c3 Nc6 10. Ndf3 Nd7 11. Bb5 Ncxe5 12. fxe5 Qe7 13. 0-0 0-0 14. Re1 c6 15. Ba4 f6 16. Bc2 Qc5 17. Qd4 Qxd4 18. cxd4 b6 19. Rac1 c5 20. Ba4 cxd4 21. Bxd7 Bxd7 22. Nxd4 Rac8 23. Rxc8 Bxc8 24. exf6 Rxf6 25. Nc6 Rf7 26. Ne5 Rf6 27. Nc6 Rf7 28. Ne5 Rf6 29. Nc6 1/2-1/2

[Event "ROM-ch U18 Girls"]
[Site "Calimanesti"]
[Date "2018.03.30"]
[Round "5"]
[White "Balan, Briana Cleopatra"]
[Black "Popa, Andrada"]
[Result "1/2-1/2"]
[WhiteElo "1827"]
[BlackElo "1594"]
[PlyCount "62"]
[EventDate "2018.03.27"]
[EventType "swiss"]
[EventRounds "9"]
[EventCountry "ROU"]
[SourceTitle "CBM 183 Extra"]
[Source "ChessBase"]
[SourceDate "2018.04.19"]
[SourceVersion "1"]
[SourceVersionDate "2018.04.19"]
[SourceQuality "1"]

1. e4 e5 2. Bc4 Bc5 3. Nc3 Nc6 4. d3 Nf6 5. f4 d6 6. Nf3 Qe7 7. f5 Na5 8. a3 Nxc4 9. dxc4 c6 10. Bg5 Qc7 11. Qd2 Bd7 12. 0-0-0 0-0-0 13. b4 Bb6 14. Qxd6 Qxd6 15. Rxd6 Bc7 16. Rd3 h6 17. Bh4 Rde8 18. Rdd1 Ng4 19. Rhe1 g5 20. Bg3 Nf6 21. Bf2 a6 22. Bc5 b6 23. Bd6 b5 24. c5 Nh5 25. Re2 g4 26. Ne1 Bd8 27. Nd3 Bg5+ 28. Kb2 Nf4 29. Bxe5 Nxd3+ 30. cxd3 Rxe5 31. d4 Re7 1/2-1/2

[Event "ROM-ch U18 Girls"]
[Site "Baile Felix"]
[Date "2017.02.03"]
[Round "2"]
[White "Popa, Andrada"]
[Black "Bogdan, Andrada Ioana"]
[Result "1/2-1/2"]
[WhiteElo "1518"]
[BlackElo "1334"]
[PlyCount "49"]
[EventDate "2017.02.02"]
[EventType "swiss"]
[EventRounds "9"]
[EventCountry "ROU"]
[SourceTitle "CBM 176 Extra"]
[Source "ChessBase"]
[SourceDate "2017.03.02"]
[SourceVersion "1"]
[SourceVersionDate "2017.03.02"]
[SourceQuality "1"]

1. e4 e5 2. Nf3 Nc6 3. Bc4 d6 4. d3 Be7 5. Bb3 Bg4 6. c3 Nf6 7. Nbd2 0-0 8. Nf1 d5 9. Qe2 d4 10. c4 Bb4+ 11. Bd2 Bxd2+ 12. N1xd2 Nh5 13. g3 a5 14. a3 Qc8 15. Ba4 f5 16. Bxc6 bxc6 17. h3 fxe4 18. hxg4 exf3 19. Qe4 Nf6 20. Qxc6 Nxg4 21. Ne4 Nf6 22. 0-0-0 Ra6 23. Nxf6+ Rxf6 24. Qd5+ Qe6 25. Qd8+ 1/2-1/2

[Event "ROM-ch U16 Girls"]
[Site "Calimanesti Caciulata"]
[Date "2016.04.23"]
[Round "7"]
[White "Popa, Andrada"]
[Black "Nistor, Valentina"]
[Result "1/2-1/2"]
[WhiteElo "1511"]
[BlackElo "1676"]
[PlyCount "49"]
[EventDate "2016.04.18"]
[EventType "swiss"]
[EventRounds "9"]
[EventCountry "ROU"]
[SourceTitle "CBM 172 Extra"]
[Source "ChessBase"]
[SourceDate "2016.06.21"]
[SourceVersion "1"]
[SourceVersionDate "2016.06.21"]
[SourceQuality "1"]

1. d4 d5 2. e3 Nf6 3. f4 Bf5 4. Nf3 e6 5. Nbd2 c5 6. c3 c4 7. Ne5 Nbd7 8. Be2 Bd6 9. 0-0 Ne4 10. g4 Nxd2 11. Bxd2 Be4 12. Bf3 Bxf3 13. Qxf3 Nf6 14. Be1 Ne4 15. Nxc4 0-0 16. Nd2 Nxd2 17. Bxd2 Qb6 18. b3 Rac8 19. Qh3 f5 20. g5 g6 21. Qg3 Kg7 22. h4 Be7 23. Rf2 Rh8 24. Rh2 h6 25. Kg2 1/2-1/2

[Event "ROM-ch U16 Girls"]
[Site "Calimanesti Caciulata"]
[Date "2016.04.22"]
[Round "6"]
[White "Bogdan, Andrada Ioana"]
[Black "Popa, Andrada"]
[Result "1-0"]
[WhiteElo "1443"]
[BlackElo "1511"]
[PlyCount "55"]
[EventDate "2016.04.18"]
[EventType "swiss"]
[EventRounds "9"]
[EventCountry "ROU"]
[SourceTitle "CBM 172 Extra"]
[Source "ChessBase"]
[SourceDate "2016.06.21"]
[SourceVersion "1"]
[SourceVersionDate "2016.06.21"]
[SourceQuality "1"]

1. d4 d6 2. e4 g6 3. Nf3 Bg7 4. Bd3 Nd7 5. Be3 e5 6. c3 Ne7 7. Nbd2 h6 8. Qc2 c6 9. 0-0 0-0 10. Nc4 exd4 11. cxd4 d5 12. exd5 Nxd5 13. Bd2 N7f6 14. Qc1 Kh7 15. Nce5 Be6 16. Re1 Qc8 17. Qc2 Ne7 18. Bb4 Nfd5 19. Bxe7 Nxe7 20. Re2 Bf5 21. Nxg6 fxg6 22. Rxe7 Qd8 23. Rae1 Rb8 24. Bxf5 Rxf5 25. R1e6 Rf6 26. Rxf6 Qxe7 27. Qxg6+ Kh8 28. Rf7 1-0

[Event "ROM-ch U16 Girls"]
[Site "Calimanesti"]
[Date "2015.04.02"]
[Round "5"]
[White "Popa, Andrada"]
[Black "Davidescu, Miruna Gabriela"]
[Result "1-0"]
[WhiteElo "1517"]
[BlackElo "1449"]
[PlyCount "121"]
[EventDate "2015.03.30"]
[EventType "swiss"]
[EventRounds "9"]
[EventCountry "ROU"]
[SourceTitle "CBM 165 Extra"]
[Source "ChessBase"]
[SourceDate "2015.04.21"]
[SourceVersion "1"]
[SourceVersionDate "2015.04.21"]
[SourceQuality "1"]

1. e4 c6 2. d4 d5 3. Nc3 dxe4 4. Nxe4 Nd7 5. Ng5 Nb6 6. N1f3 Bg4 7. Nxf7 Kxf7 8. Ne5+ Ke8 9. Qxg4 Nf6 10. Qd1 Qd5 11. Bg5 g6 12. Bxf6 exf6 13. Nf3 Bg7 14. Bd3 f5 15. c3 Kf7 16. 0-0 Rad8 17. Re1 Bf6 18. Qb3 Qxb3 19. axb3 a6 20. Re2 Rd6 21. Rae1 Rhd8 22. Bc4+ Nxc4 23. bxc4 R6d7 24. Ne5+ Bxe5 25. Rxe5 Rc8 26. Kf1 Rb8 27. R1e3 Ra8 28. Ke2 Rc8 29. Kd3 Rcc7 30. c5 Rc8 31. Kc4 Rb8 32. Re2 Rc8 33. Kb4 Rcd8 34. Ka5 Rc8 35. Kb6 Rcd8 36. R2e3 Kf8 37. f3 Kf7 38. Re6 Kf8 39. h3 Kf7 40. g4 fxg4 41. fxg4 Rc8 42. Rd6 Rcc7 43. Rde6 Rc8 44. R6e5 Rb8 45. Rf3+ Kg7 46. Re6 Rbd8 47. Rff6 Rc8 48. Rd6 Rcc7 49. Rxd7+ Rxd7 50. Rd6 Re7 51. b4 Kf7 52. c4 Ke8 53. b5 axb5 54. cxb5 cxb5 55. Kxb5 Re2 56. Kb6 Re7 57. d5 Kf7 58. c6 bxc6 59. dxc6 Re8 60. c7 Ke7 61. Rd3 1-0

[Event "ROM-ch U16 Girls"]
[Site "Calimanesti"]
[Date "2015.04.02"]
[Round "4"]
[White "Salim, Arzu"]
[Black "Popa, Andrada"]
[Result "1/2-1/2"]
[WhiteElo "1571"]
[BlackElo "1517"]
[PlyCount "49"]
[EventDate "2015.03.30"]
[EventType "swiss"]
[EventRounds "9"]
[EventCountry "ROU"]
[SourceTitle "CBM 165 Extra"]
[Source "ChessBase"]
[SourceDate "2015.04.21"]
[SourceVersion "1"]
[SourceVersionDate "2015.04.21"]
[SourceQuality "1"]

1. e4 c6 2. d4 d5 3. exd5 cxd5 4. Bd3 Nc6 5. c3 Nf6 6. Bf4 e6 7. Nf3 Bd6 8. Bxd6 Qxd6 9. 0-0 0-0 10. Re1 a6 11. a4 Nd7 12. Qe2 Qc7 13. Ne5 Ncxe5 14. dxe5 Nb6 15. a5 Nd7 16. Nd2 Rd8 17. Nf3 h6 18. Bc2 b5 19. Qd3 Nf8 20. Nd4 Qc4 21. Qg3 b4 22. Bd3 Qc5 23. Nb3 Qe7 24. Nd4 Qc5 25. Nb3 1/2-1/2